The muddy river / (Record no. 58324)

MARC details
000 -LEADER
fixed length control field 00778nam a22002177a 4500
005 - DATE AND TIME OF LATEST TRANSACTION
control field 20230613151910.0
010 ## - LCCN (DPL NO)
LC control number ENG-104093 B-460881-885 ENG-137113
020 ## - INTERNATIONAL STANDARD BOOK NUMBER
International Standard Book Number 978-93-80658-56-8
Terms of availability 350.00
035 ## - SYSTEM CONTROL NUMBER
System control number EN-87626 B-460881-885 EN-120645
037 ## - SOURCE OF ACQUISITION
Source of stock number/acquisition DBAD/PUB
037 ## - SOURCE OF ACQUISITION
Source of stock number/acquisition Virtuous Pub/Ven
082 ## - DEWEY DECIMAL CLASSIFICATION NUMBER
Classification number N
100 ## - MAIN ENTRY--PERSONAL NAME
Personal name Krishnan, P.A.
245 ## - TITLE STATEMENT
Title The muddy river /
Statement of responsibility, etc by P.A. Krishnan
260 ## - PUBLICATION, DISTRIBUTION, ETC. (IMPRINT)
Place of publication, distribution, etc Chennai
Name of publisher, distributor, etc Tranquebar Press
Date of publication, distribution, etc 2011
270 ## - ADDRESS
Address Venkat Towers, 165, P.H. Road, Maduravoyal
City Chennai
Postal code 600095
300 ## - PHYSICAL DESCRIPTION
Extent 248p.
Dimensions 21cm (pbk)
520 ## - SUMMARY, ETC.
Summary, etc Short stories, poems, and articles on terrorism in South Asia.
942 ## - ADDED ENTRY ELEMENTS (KOHA)
Source of classification or shelving scheme Dewey Decimal Classification
Item type English Books
Call number suffix KRI
Classification part N
Holdings
Withdrawn status Lost status Not for loan Collection code Home library Current library Date acquired Source of acquisition Cost, normal purchase price Full call number Barcode Copy number Cost, replacement price Koha item type
      Fiction Central Library Central Library 18/06/2012 Virtuous Pub/936/04.02.2012/28/18.01.2012/10.02.2012 250.00 N KRI B-460881 1 250.00 English Books
    Not For Loan Fiction D.B.Act.Division D.B.Act.Division 14/11/2011 DBAD/PUB 250.00 N KRI EN-87626 1 250.00 English Books
      Fiction Karol Bagh Karol Bagh 18/06/2012 Virtuous Pub/936/04.02.2012/28/18.01.2012/10.02.2012 250.00 N KRI B-460884 1 250.00 English Books
      Fiction D.B.Act.Division Mobile Library 13/06/2023 DBAD/PUB 350.00 N KRI EN-120645 1 350.00 English Books
      Fiction Patel Nagar Patel Nagar 18/06/2012 Virtuous Pub/936/04.02.2012/28/18.01.2012/10.02.2012 250.00 N KRI B-460882 1 250.00 English Books
      Fiction Sarojini Nagar Sarojini Nagar 18/06/2012 Virtuous Pub/936/04.02.2012/28/18.01.2012/10.02.2012 250.00 N KRI B-460883 1 250.00 English Books
      Fiction Shahdara Branch Shahdara Branch 18/06/2012 Virtuous Pub/936/04.02.2012/28/18.01.2012/10.02.2012 250.00 N KRI B-460885 1 250.00 English Books

© Delhi Public Library
Hit Counter
free hit counter